| 000 | 02405nam2a22004571 4500 | ||
|---|---|---|---|
| 001 | v19\rc\1951325 | ||
| 005 | 20251118180921.6 | ||
| 035 | _a(NLR Aleph) 005036220 | ||
| 090 |
_a6744330 _c6744330 |
||
| 100 | _a20080428d1914 u y0rusy50 ca | ||
| 101 | 0 | _arus | |
| 102 | _aRU | ||
| 105 | _ay z |||a| | ||
| 200 | 1 | _a[Цветы запоздалые | |
| 210 | _d[1914] | ||
| 215 | _a144 с. | ||
| 316 |
_aЭкз. РНБ (37.44.2.28(16)) утрачен в 1947 г. _5NLR |
||
| 423 | 0 |
_11010#$arus _12001#$aРадость любви$e(Стихотв.) _1700#1$aГодин$bЯ. _tРадость любви _aГодин, Я. |
|
| 423 | 0 |
_11010#$arus _12001#$aДиоген _1700#1$aКаменский$bА. _tДиоген _aКаменский, А. |
|
| 423 | 0 |
_11010#$arus _12001#$aКонцерт$e(Стихотв.)$aКалеки _1700#1$aЦензор$bД.М.$f1879-1948$gДмитрий Михайлович _tКалеки _aЦензор, Дмитрий Михайлович (1879-1948) |
|
| 423 | 0 |
_11010#$arus _12001#$aВ тумане _1700#1$aРославлев$bА. _tВ тумане _aРославлев, А. |
|
| 423 | 0 |
_11010#$arus _12001#$aСтроптивец _1700#1$aВерхоустинский$bБ. _tСтроптивец _aВерхоустинский, Б. |
|
| 423 | 0 |
_11010#$arus _12001#$aПриличный случай _1700#1$aТамарин$bА. _tПриличный случай _aТамарин, А. |
|
| 423 | 0 |
_11010#$arus _12001#$aЗолото _1700#1$aКарпов$bН. _tЗолото _aКарпов, Н. |
|
| 423 | 0 |
_11010#$arus _12001#$aВолна$e(Стихотв.) _1700#1$aРославлев$bА. _tВолна _aРославлев, А. |
|
| 423 | 0 |
_11010#$arus _12001#$aПараська] _1700#1$aВережников$bА. _tПараська] _aВережников, А. |
|
| 461 | 0 |
_1001v19\rc\1951309 _12001#$aЛетучие альманахи$vВып. 16 _96744235 _cПетроград _d[1913]-[1916] _nРубикон _oВып. 1 _tЛетучие альманахи _vВып. 16 |
|
| 540 | 1 | _aЦветы запоздалые | |
| 700 | 1 |
_aАшешов _bН. |
|
| 801 | 0 |
_aRU _bNLR _gpsbo |
|
| 801 | 0 |
_aRU _bRuMoRGB _2psbo |
|
| 801 | 1 |
_aRU _bProSoft-M _2rusmarc |
|
| 852 |
_aNLR _bМф _jК1/752 |
||
| 852 |
_aNLR _j37.44.2.28(16) |
||
| 899 |
_aRuMoRGB _jF 110/10 |
||
| 899 |
_aRuMoRGB _jКл 67/419 |
||
| 899 | _aБАН | ||
| 899 | _aГПИБ | ||
| 942 | _cBOOK | ||
| 980 | _aNB | ||